00517nam a22001697a 450000500170000001000150001702000260003203500140005803700090007208200140008110000270009524500630012225000160018526000440020127000680024530000340031320220207162714.0 aENG-131446 a9789391211660c850.00 aEN-114978 bDBAD a346.54015 aSaxena, Poonam Pradhan aFamily Law Lecltures Family Law II/cPoonam Pradhan Saxena a5th Edition aNew DelhibKW Publishers Pvt. Ltdc2022 a4676/21, First Floor, Ansari Road, DaryaganjbNew Delhie110002 axxxv, 646p.bIndexc24cm(pbk)